|
|
|
|
| LEADER |
00000nam a2900000 4500 |
| 001 |
000059813 |
| 005 |
20061219223200.0 |
| 008 |
962309s1973 a 000 spa d |
| 050 |
|
4 |
|a AC75 N8
|b n.29
|
| 090 |
|
|
|a AC75 N8
|b n.29
|
| 100 |
1 |
|
|a Massé, Pierre
|d 1898-
|
| 245 |
1 |
3 |
|a El plan o el antiazar
|
| 250 |
|
|
|a 3a.
|
| 260 |
|
|
|a Barcelona :
|b Labor,
|c 1973
|
| 300 |
|
|
|a 171 p. :
|b il.
|
| 440 |
|
0 |
|a Nueva Colección Labor ;
|v 29
|
| 650 |
|
4 |
|a Civilización moderna
|x Siglo XX
|x Ensayos
|
| 650 |
|
4 |
|a Francia
|x Política económica
|x Ensayos
|
| 650 |
|
4 |
|a Política económica
|x Ensayos
|
| 650 |
|
4 |
|a Tecnología y civilización
|x Ensayos
|
| 905 |
|
|
|a LIBROS
|
| 949 |
|
|
|a Biblioteca UAM Iztapalapa
|b Colección General
|c AC75 N8 n.29
|